00450nam a2200157Ia 4500008004100000020001000041040001900051041001200070082003300082245004900115260004400164300002000208650001700228700002100245850002600266131103s9999 xx 000 0 und d cRs.20 aLoreto College aEnglish a891.431/DHU-SINbLCLIB/35431 aDhumil ki KavitayencEdited by Shukdev Singh aVaranasibVisvavidhalaya Prakasanc1983 a98 p. c 22 cm. aHindi Poetry aSingh,Shukdev,ed aLCLIB/891.431/DHU-SIN